00876nam a2200253 i 4500003000900000005001700009007000300026008004100029020001800070040003000088082002300118100003800141245008900179250002200268264005400290300002700344336002700371337003300398338002800431500007500459650002400534650002600558700003800584DO-SdBNP20250625115727.0ta250625b2025 dr ||||| |||| 00| p spa d a9789945292367 aDO-SdBNPbspacBNPHUerda aRD861.44bR7582221 aRomán, Solángeleautora4aut.10aPoemas de amor, dolor y rebeldía /cSolángel Román ; prólogo, Mateo Morrison aPrimera edición 4aSanto Domingo :bEditora Amigo de Hogar,c©2025. a58 páginas :c22 cm. atextobtxt2rdacontent asin mediaciónbn2rdamedia avolumenbnc2rdacarrier aIncluye datos biografícos de la autora en la solapa de la cubierta.  7aPoesía Dominicana 7aLiteratura Dominicana1 aMorrison, Mateoeprologuista4pr.